[Event "Titled Tue 26th Aug Early"]
[Site "chess.com INT"]
[Date "2025.08.26"]
[Round "3"]
[White "Rustemov, Alexander"]
[Black "Turgut, Hakan"]
[Result "1-0"]
[WhiteTitle "GM"]
[BlackTitle "CM"]
[WhiteElo "2525"]
[BlackElo "2219"]
[WhiteFideId "4119002"]
[BlackFideId "26304740"]
[EventDate "2025.08.26"]

1. d4 Nf6 2. c4 e6 3. Nf3 c5 4. d5 exd5 5. cxd5 d6 6. Nc3 g6 7. e4 Bg7 8. h3 O-O
9. Bd3 b5 10. Nxb5 Re8 11. O-O Nxe4 12. Bxe4 Rxe4 13. Nc3 Re8 14. Bg5 Qd7 15.
Qd2 Na6 16. Rfe1 Bb7 17. Bh6 Bh8 18. a3 Nc7 19. Red1 Ba6 20. b4 Nb5 21. Nxb5
Qxb5 22. Rac1 c4 23. Bf4 Bb7 24. a4 Qa6 25. Be3 Rac8 26. Qc2 Rxe3 27. fxe3 Qb6
28. Kh1 Qxe3 29. b5 c3 30. a5 Qc5 31. Qb3 a6 32. bxa6 Bxa6 33. Qb6 Qxb6 34. axb6
Rb8 35. Nd4 Rxb6 36. Rxc3 Be5 37. Rc6 Bxd4 38. Rxd4 Rb1+ 39. Kh2 Bb7 40. Rxd6
Rc1 41. Rd7 1-0

[Event "Titled Tue 26th Aug Early"]
[Site "chess.com INT"]
[Date "2025.08.26"]
[Round "3"]
[White "Shevchenko, Yaroslav"]
[Black "Pavlidou, Ekaterini"]
[Result "1-0"]
[BlackTitle "WIM"]
[WhiteElo "2134"]
[BlackElo "2217"]
[WhiteFideId "34144684"]
[BlackFideId "4213262"]
[EventDate "2025.08.26"]

1. e4 c5 2. Nf3 Nc6 3. Bb5 Qc7 4. Nc3 Nf6 5. O-O a6 6. Bc4 e6 7. a4 Bd6 8. Re1
Ng4 9. h3 Bh2+ 10. Kf1 Nge5 11. Ba2 Nxf3 12. Qxf3 Nd4 13. Qd1 O-O 14. Ne2 f5 15.
Nxd4 cxd4 16. d3 fxe4 17. dxe4 b5 18. axb5 Bb7 19. Bb3 Qc5 20. Qd3 h6 21. g3 Rf7
22. Kg2 Raf8 23. Re2 Bxg3 24. fxg3 Qf5 25. Bf4 g5 26. Kg1 Qg6 27. bxa6 gxf4 28.
axb7 f3 29. Rg2 fxg2 30. e5 Rf3 31. Qxg6+ Kh8 32. Qxh6+ 1-0

[Event "Titled Tue 26th Aug Early"]
[Site "chess.com INT"]
[Date "2025.08.26"]
[Round "3"]
[White "Huschenbeth, Niclas"]
[Black "Janukshan, B"]
[Result "0-1"]
[WhiteTitle "GM"]
[BlackTitle "CM"]
[WhiteElo "2591"]
[BlackElo "1944"]
[WhiteFideId "24604747"]
[BlackFideId "29945399"]
[EventDate "2025.08.26"]

1. e4 c5 2. Nf3 e6 3. d4 cxd4 4. Nxd4 Nf6 5. Nc3 Nc6 6. Be2 Qc7 7. O-O a6 8.
Nxc6 dxc6 9. f4 Bc5+ 10. Kh1 O-O 11. e5 Rd8 12. Qe1 Nd5 13. Ne4 Be7 14. Bd2 c5
15. c4 Nb4 16. Qg3 Nc2 17. Rad1 Nd4 18. Bd3 Nf5 19. Qh3 Qc6 20. Bc3 b6 21. Ng3
Nxg3+ 22. hxg3 g6 23. g4 Bb7 24. f5 Bg5 25. Rf3 b5 26. b3 bxc4 27. bxc4 Qa4 28.
Rff1 Qxa2 29. fxg6 hxg6 30. Rg1 Rd7 31. Rgf1 Rad8 0-1

[Event "Titled Tue 26th Aug Early"]
[Site "chess.com INT"]
[Date "2025.08.26"]
[Round "3"]
[White "Arslanov, Shamil"]
[Black "Guliev, Gasan"]
[Result "1-0"]
[WhiteTitle "IM"]
[BlackTitle "CM"]
[WhiteElo "2410"]
[BlackElo "2123"]
[WhiteFideId "4192826"]
[BlackFideId "34165638"]
[EventDate "2025.08.26"]

1. d4 d5 2. e4 e6 3. Be3 Nf6 4. e5 Nfd7 5. c3 c5 6. f4 Nc6 7. Nf3 a6 8. Bd3 b5
9. f5 cxd4 10. cxd4 Nb4 11. O-O Nxd3 12. Qxd3 exf5 13. Qxf5 Nb6 14. Qf4 Be7 15.
Qg3 Rg8 16. Nc3 Be6 17. Rac1 Rc8 18. Bg5 Kd7 19. Ne2 h6 20. Bxe7 Qxe7 21. Nf4
Rc4 22. Nd3 Kc7 23. b3 Rxc1 24. Rxc1+ Kb8 25. Rc6 Ka7 26. Nc5 g5 27. Qe1 Bd7 28.
Rc7+ Kb8 29. Nxa6+ Ka8 30. Qa5 1-0

[Event "Titled Tue 26th Aug Early"]
[Site "chess.com INT"]
[Date "2025.08.26"]
[Round "3"]
[White "Lemos, Dawton Almino"]
[Black "Souleidis, Georgios"]
[Result "1-0"]
[WhiteTitle "FM"]
[BlackTitle "IM"]
[WhiteElo "2172"]
[BlackElo "2418"]
[WhiteFideId "2146797"]
[BlackFideId "4206827"]
[EventDate "2025.08.26"]

1. e4 c5 2. Nf3 Nc6 3. Bb5 g6 4. O-O Bg7 5. Re1 e5 6. c3 Nge7 7. Na3 O-O 8. Bf1
d5 9. d3 h6 10. exd5 Nxd5 11. Nc4 Re8 12. a4 Kh7 13. g3 Qc7 14. Bg2 Be6 15. a5
Rad8 16. Qa4 Nde7 17. Qb5 a6 18. Qxc5 Rd5 19. Qb6 Qxb6 20. Nxb6 Rxd3 21. Nd2
Red8 22. Ne4 Rd1 23. Be3 Rxe1+ 24. Rxe1 Nxa5 25. Nc5 Bg4 26. b4 Nac6 27. Nxb7
Rd1 28. Rxd1 Bxd1 29. Nc5 f5 30. Nxa6 e4 31. c4 Be2 32. Bf1 Bxf1 33. Kxf1 Bc3
34. b5 Na5 35. c5 Kg7 36. c6 g5 37. c7 Be5 38. c8=Q Nxc8 39. Nxc8 Kf6 40. Nc5
Bb8 41. Nd7+ 1-0

[Event "Titled Tue 26th Aug Early"]
[Site "chess.com INT"]
[Date "2025.08.26"]
[Round "3"]
[White "Pham, Le Thao Nguyen"]
[Black "Aguilera Rodriguez, Alfredo R."]
[Result "1-0"]
[WhiteTitle "IM"]
[BlackTitle "FM"]
[WhiteElo "2348"]
[BlackElo "2348"]
[WhiteFideId "12401226"]
[BlackFideId "3512991"]
[EventDate "2025.08.26"]

1. d4 Nf6 2. c4 e6 3. Nc3 Bb4 4. e3 d5 5. Bd2 O-O 6. Nf3 c5 7. a3 cxd4 8. axb4
dxc3 9. bxc3 Ne4 10. Bd3 Nxd2 11. Qxd2 dxc4 12. Bxc4 Nc6 13. Nd4 Bd7 14. O-O a6
15. Be2 e5 16. Nb3 Be6 17. Qxd8 Raxd8 18. Nc5 Bc8 19. Bf3 Rd6 20. Rfd1 Rfd8 21.
Rxd6 Rxd6 22. Kf1 Kf8 23. Ke1 Ke7 24. Be2 f5 25. f3 Nd8 26. e4 g6 27. Bc4 b6 28.
Bxa6 Rc6 29. Bxc8 Rxc8 30. Na4 1-0

[Event "Titled Tue 26th Aug Early"]
[Site "chess.com INT"]
[Date "2025.08.26"]
[Round "3"]
[White "Mesquita, Eduardo Barbosa"]
[Black "Shubhi Gupta"]
[Result "0-1"]
[BlackTitle "WFM"]
[WhiteElo "2060"]
[BlackElo "2213"]
[WhiteFideId "22757163"]
[BlackFideId "25195425"]
[EventDate "2025.08.26"]

1. e4 e5 2. Nf3 Nc6 3. Bb5 a6 4. Ba4 Nf6 5. d3 b5 6. Bb3 Be7 7. c3 d6 8. Nbd2
O-O 9. O-O Na5 10. Bc2 c5 11. Qe2 Nc6 12. Ne1 d5 13. g3 Bh3 14. Ng2 c4 15. exd5
Qxd5 16. Ne3 cxd3 17. Nxd5 dxe2 18. Nxe7+ Nxe7 19. Re1 Bg4 20. f3 Be6 21. Rxe2
Nc6 22. Ne4 Rad8 23. Bg5 Bc4 24. Re3 Nd5 25. Ree1 f6 26. Bc1 Nde7 27. Nc5 a5 28.
b3 Bd5 29. Kf2 Rc8 30. Nd7 Nd4 31. cxd4 Rxc2+ 32. Re2 Rxe2+ 33. Kxe2 Rd8 34. Nb6
exd4 35. Bf4 Be6 36. Rd1 Nc6 37. Bc7 Re8 38. a4 Bxb3+ 39. Kd2 Bxd1 40. Kxd1 b4
41. Bd6 b3 42. Ba3 Ne5 43. f4 Nf3 44. Nc4 Re1# 0-1

[Event "Titled Tue 26th Aug Early"]
[Site "chess.com INT"]
[Date "2025.08.26"]
[Round "3"]
[White "Essing, Arnold"]
[Black "Vlassov, Nikolai"]
[Result "1/2-1/2"]
[WhiteTitle "FM"]
[BlackTitle "IM"]
[WhiteElo "2206"]
[BlackElo "2301"]
[WhiteFideId "4619862"]
[BlackFideId "4103360"]
[EventDate "2025.08.26"]

1. d4 Nf6 2. Nf3 g6 3. c4 Bg7 4. Nc3 d5 5. cxd5 Nxd5 6. Qb3 Nb6 7. e4 Bg4 8. Be3
O-O 9. d5 c6 10. Be2 cxd5 11. exd5 N8d7 12. O-O Rc8 13. Rfd1 Bxf3 14. Bxf3 Ne5
15. Be2 Nec4 16. Bd4 Nd6 17. Bxg7 Kxg7 18. a4 Qd7 19. h3 Nbc4 20. Bg4 f5 21. Be2
Qc7 22. Nb5 Qb6 23. Qc3+ Rf6 24. b3 Nxb5 25. axb5 Nd6 26. Qe5 Kf8 27. Rac1 Qd8
28. Qe3 Nf7 29. Qxa7 Rxc1 30. Rxc1 Qxd5 31. Bf3 Qxb3 32. Qxb7 Nd6 33. Qb8+ Kg7
34. Re1 Re6 35. Rxe6 Qxe6 36. b6 Qe1+ 37. Kh2 Qxf2 38. Qc7 Qe3 39. b7 Nxb7 40.
Qxb7 Qe5+ 41. Kg1 Qe1+ 42. Kh2 Qe5+ 43. Kg1 Qe1+ 44. Kh2 Qe5+ 1/2-1/2

[Event "Titled Tue 26th Aug Early"]
[Site "chess.com INT"]
[Date "2025.08.26"]
[Round "3"]
[White "Purygin, Andrei"]
[Black "Bogdanov, Artyom"]
[Result "0-1"]
[WhiteTitle "FM"]
[BlackTitle "FM"]
[WhiteElo "2309"]
[BlackElo "2383"]
[WhiteFideId "24111180"]
[BlackFideId "13749200"]
[EventDate "2025.08.26"]

1. d4 d6 2. Nf3 Nc6 3. c4 e5 4. Nc3 exd4 5. Nxd4 Nf6 6. g3 g6 7. Bg2 Bd7 8. O-O
Bg7 9. e4 O-O 10. Be3 Re8 11. h3 Nxd4 12. Bxd4 Bc6 13. Re1 a6 14. Qc2 Nd7 15.
Bxg7 Kxg7 16. Rad1 Ne5 17. b3 Qf6 18. f4 Nd7 19. Nd5 Bxd5 20. cxd5 Rac8 21. b4
h5 22. Qd2 Re7 23. Qd4 Rce8 24. Qxf6+ Nxf6 25. Rd4 a5 26. bxa5 Ra8 27. e5 Nd7
28. e6 Nc5 29. Rd2 Rxa5 30. g4 hxg4 31. hxg4 fxe6 32. dxe6 Rxe6 33. Rxe6 Nxe6
34. Re2 Kf6 35. f5 gxf5 36. gxf5 Nf4 37. Rb2 Nxg2 38. Kxg2 b6 39. Kf3 Kxf5 40.
Ke3 Ke5 41. Kd3 Kd5 42. Kc3 Kc5 43. Kd3 Ra3+ 44. Ke4 d5+ 45. Kf5 Re3 46. Kf4 Re7
47. Rh2 d4 48. Rc2+ Kd5 49. Kf5 d3 50. Rc3 Kd4 51. Ra3 d2 52. Kf6 Rd7 0-1

[Event "Titled Tue 26th Aug Early"]
[Site "chess.com INT"]
[Date "2025.08.26"]
[Round "3"]
[White "Ruperez Benito, Antonio"]
[Black "Hejazipour, Mitra"]
[Result "1-0"]
[WhiteTitle "FM"]
[BlackTitle "WGM"]
[WhiteElo "2328"]
[BlackElo "2329"]
[WhiteFideId "22245049"]
[BlackFideId "12505951"]
[EventDate "2025.08.26"]

1. e4 c5 2. Nf3 Nc6 3. Bb5 e6 4. O-O Nge7 5. Re1 a6 6. Bf1 d5 7. d3 d4 8. Nbd2
e5 9. Nc4 Ng6 10. a4 b6 11. g3 Be7 12. h4 Bg4 13. Be2 Bxf3 14. Bxf3 b5 15. axb5
axb5 16. Rxa8 Qxa8 17. Nb6 Qb7 18. Nd5 Bd8 19. h5 Nge7 20. h6 Kf8 21. Qd2 g6 22.
Qe2 Nb4 23. Bg5 Nexd5 24. exd5 f6 25. Bd2 Kf7 26. c3 Na6 27. d6 Qb6 28. Bd5+ Ke8
29. f4 Qxd6 30. c4 Bc7 31. fxe5 fxe5 32. Bf4 Kd8 33. Bg5+ Kc8 34. Qg4+ Kb8 35.
Bg2 Nb4 36. Qe4 Qb6 37. Qa8# 1-0

[Event "Titled Tue 26th Aug Early"]
[Site "chess.com INT"]
[Date "2025.08.26"]
[Round "3"]
[White "Kuznecova, Marija"]
[Black "Schnaider, Ilan"]
[Result "0-1"]
[WhiteTitle "WFM"]
[BlackTitle "IM"]
[WhiteElo "2207"]
[BlackElo "2386"]
[WhiteFideId "11618736"]
[BlackFideId "169013"]
[EventDate "2025.08.26"]

1. e4 c5 2. Nf3 e6 3. d4 cxd4 4. Nxd4 Bc5 5. Be3 Qb6 6. b3 Nc6 7. c3 Nf6 8. Qd3
Ng4 9. Nd2 Nxe3 10. fxe3 O-O 11. Nc4 Qd8 12. Be2 a6 13. Rd1 Qh4+ 14. g3 Qh3 15.
Bf1 Qg4 16. Be2 Qh3 17. Bf1 Qh5 18. Be2 Qh6 19. O-O b5 20. Nb2 Ne5 21. Qd2 Bb7
22. Nd3 Nxd3 23. Bxd3 Rac8 24. Rc1 b4 25. Rfe1 bxc3 26. Qxc3 Ba3 27. Qd2 Bxc1
28. Rxc1 Rxc1+ 29. Qxc1 Rc8 30. Qd2 Qg5 31. Kf2 h6 32. Qb4 Ba8 33. Bxa6 Qf6+ 34.
Ke2 Rc1 35. Kd2 Ra1 36. Qb8+ Kh7 37. Qxa8 Rxa2+ 38. Kc3 e5 39. Bd3 exd4+ 40.
exd4 Rxa8 0-1

[Event "Titled Tue 26th Aug Early"]
[Site "chess.com INT"]
[Date "2025.08.26"]
[Round "3"]
[White "Carafizi, Vasile"]
[Black "Goncharov, Vladimir"]
[Result "1-0"]
[WhiteTitle "FM"]
[WhiteElo "2134"]
[BlackElo "2077"]
[WhiteFideId "4002539"]
[BlackFideId "34162256"]
[EventDate "2025.08.26"]

1. e4 e6 2. d4 d5 3. Nc3 Bb4 4. e5 c5 5. a3 Ba5 6. b4 cxd4 7. Nb5 Bc7 8. Nf3 Nc6
9. Nxc7+ Qxc7 10. Bf4 Nge7 11. Bd3 Ng6 12. Bg3 Bd7 13. Qe2 a6 14. h4 h5 15. Bxg6
fxg6 16. Qd3 Ne7 17. Nxd4 Rc8 18. O-O Nf5 19. Nxf5 gxf5 20. Rac1 Bb5 21. c4 dxc4
22. Qe3 O-O 23. Rfd1 c3 24. Rd6 Qc4 25. Qg5 c2 26. Qxh5 Rf7 27. Qg6 f4 28. Bh2
Qf1+ 29. Rxf1 Bxf1 30. Bxf4 Rxf4 31. Rd7 1-0

[Event "Titled Tue 26th Aug Early"]
[Site "chess.com INT"]
[Date "2025.08.26"]
[Round "3"]
[White "Tallada Serret, Gerard"]
[Black "Sobek, Jaroslav"]
[Result "1-0"]
[WhiteTitle "CM"]
[BlackTitle "FM"]
[WhiteElo "2091"]
[BlackElo "2195"]
[WhiteFideId "54764190"]
[BlackFideId "301388"]
[EventDate "2025.08.26"]

1. e4 c5 2. c3 d5 3. exd5 Qxd5 4. Nf3 Bg4 5. Be2 Nf6 6. O-O e6 7. Na3 a6 8. Nc2
Qc6 9. Ne5 Bxe2 10. Qxe2 Qc7 11. d4 Nbd7 12. Bf4 Bd6 13. Nxd7 Qxd7 14. Be5 Bxe5
15. dxe5 Nd5 16. Rad1 Qc6 17. c4 Ne7 18. Rd6 Qc7 19. Rfd1 Nf5 20. R6d3 O-O 21.
Rd7 Qc6 22. R7d2 b5 23. Qg4 g6 24. b3 bxc4 25. Qxc4 Rab8 26. h3 h5 27. Kh2 Qb5
28. Na3 Qb4 29. Qxb4 cxb4 30. Nc4 Rb5 31. g4 hxg4 32. hxg4 Ne7 33. Kg3 Nc6 34.
f4 Na5 35. Nd6 1-0

[Event "Titled Tue 26th Aug Early"]
[Site "chess.com INT"]
[Date "2025.08.26"]
[Round "3"]
[White "Oluka Robert Mcligeyo"]
[Black "Grieve, Harry"]
[Result "0-1"]
[WhiteTitle "CM"]
[BlackTitle "IM"]
[WhiteElo "2081"]
[BlackElo "2479"]
[WhiteFideId "10814647"]
[BlackFideId "426520"]
[EventDate "2025.08.26"]

1. e4 c5 2. Nf3 a6 3. c3 Nf6 4. e5 Nd5 5. d4 cxd4 6. Be2 d6 7. Qxd4 e6 8. exd6
Nc6 9. Qd1 Bxd6 10. O-O b5 11. a4 b4 12. Bg5 Qc7 13. c4 Nf4 14. Bxf4 Bxf4 15.
Nbd2 Bb7 16. b3 Rd8 17. Qc2 Nd4 18. Nxd4 Bxh2+ 19. Kh1 Rxd4 20. Nf3 Bxf3 21.
Bxf3 Rh4 22. g3 Bxg3+ 23. Kg2 Rh2+ 24. Kg1 Be5 25. Rad1 O-O 26. Qe4 Rh6 27. Rfe1
Bc3 28. Re3 Qh2+ 29. Kf1 f5 30. Qc6 e5 31. Qd5+ Kh8 32. Qd8 Rf6 33. Qe7 e4 34.
Rd8 Kg8 0-1

[Event "Titled Tue 26th Aug Early"]
[Site "chess.com INT"]
[Date "2025.08.26"]
[Round "3"]
[White "Zobel, Christian"]
[Black "Solberg, Joachim"]
[Result "0-1"]
[WhiteTitle "CM"]
[BlackTitle "FM"]
[WhiteElo "2218"]
[BlackElo "2161"]
[WhiteFideId "16259068"]
[BlackFideId "1502930"]
[EventDate "2025.08.26"]

1. d4 d5 2. c4 e6 3. Nc3 c5 4. e3 Nf6 5. Nf3 Nc6 6. cxd5 Nxd5 7. Bb5 Be7 8. O-O
O-O 9. e4 Nxc3 10. bxc3 cxd4 11. cxd4 a6 12. Bxc6 bxc6 13. Be3 Bb7 14. Rb1 Rb8
15. Qa4 a5 16. Rfc1 f6 17. Bf4 Bd6 18. Bxd6 Qxd6 19. Qxa5 Ba8 20. Qa7 Rbd8 21.
a4 f5 22. e5 Qd5 23. Qc5 h6 24. h4 Qe4 25. Re1 Qg4 26. Qe7 Rfe8 27. Qa7 c5 28.
Rb3 cxd4 29. Qa6 Be4 30. Qf1 d3 31. Nh2 Qxh4 32. f3 Bd5 33. Rxd3 Bc4 34. Rxd8
Rxd8 35. Qf2 Qe7 36. Ra1 Qb4 0-1

[Event "Titled Tue 26th Aug Early"]
[Site "chess.com INT"]
[Date "2025.08.26"]
[Round "3"]
[White "Subervi, Jonathan Sigfredo"]
[Black "Bashirli, Saadat"]
[Result "0-1"]
[WhiteTitle "FM"]
[BlackTitle "WCM"]
[WhiteElo "2007"]
[BlackElo "1941"]
[WhiteFideId "6400345"]
[BlackFideId "13429990"]
[EventDate "2025.08.26"]

1. e4 c5 2. d4 cxd4 3. Qxd4 Nc6 4. Qd3 Nf6 5. Nc3 d6 6. Nf3 g6 7. Be2 Bg7 8. O-O
O-O 9. Nd5 Bd7 10. c3 Rc8 11. Be3 Bg4 12. Qb5 Qd7 13. Nxf6+ Bxf6 14. Rfd1 a6 15.
Qb6 Bxf3 16. Bxf3 Ne5 17. Be2 Rc6 18. Qb3 b5 19. a4 bxa4 20. Qxa4 Rb8 21. Ra2 g5
22. h4 h6 23. hxg5 hxg5 24. Qc2 Kg7 25. Qd2 Kg6 26. Bxa6 Ra8 27. Rda1 Qe6 28. b4
Qb3 29. f4 gxf4 30. Bxf4 Rxc3 31. b5 Rd3 32. Qf2 Ng4 33. Qe1 Bxa1 34. Rxa1 Qc2
35. e5 Qc5+ 36. Kh1 Rh8+ 0-1

[Event "Titled Tue 26th Aug Early"]
[Site "chess.com INT"]
[Date "2025.08.26"]
[Round "3"]
[White "Preobrazhenskaya, Diana"]
[Black "Galchenko, Matvey"]
[Result "0-1"]
[WhiteTitle "WFM"]
[BlackTitle "IM"]
[WhiteElo "2140"]
[BlackElo "2435"]
[WhiteFideId "34270566"]
[BlackFideId "24175480"]
[EventDate "2025.08.26"]

1. e4 e6 2. d4 d5 3. Nc3 Bb4 4. e5 Ne7 5. Qg4 c5 6. a3 Qa5 7. Bd2 cxd4 8. Qxd4
Nbc6 9. Qg4 d4 10. Ne4 Bxd2+ 11. Nxd2 Qxe5+ 12. Be2 O-O 13. Ngf3 Qf6 14. h4 e5
15. Qg5 Bf5 16. Qxf6 gxf6 17. O-O-O Rac8 18. Ne1 Nd5 19. g4 Be6 20. Ne4 Kg7 21.
Nd3 Rfd8 22. Rhg1 b5 23. Ndc5 b4 24. axb4 Ncxb4 25. Kb1 Nf4 26. Nxe6+ fxe6 27.
Rd2 Rxc2 28. Rxc2 Nxc2 29. Kxc2 Nxe2 30. Ra1 Rd7 31. g5 f5 32. Nf6 Rb7 33. b3 e4
34. Ne8+ Kg6 35. Nf6 d3+ 36. Kd2 h6 37. Ne8 hxg5 38. hxg5 Kxg5 39. Nd6 Rxb3 40.
Rxa7 Kf4 41. Nc4 Rb4 42. Nd6 Rb2+ 43. Kd1 Nc3+ 44. Ke1 d2+ 0-1

[Event "Titled Tue 26th Aug Early"]
[Site "chess.com INT"]
[Date "2025.08.26"]
[Round "3"]
[White "Sava, Robert-Gabriel"]
[Black "Chassard, Cedric"]
[Result "0-1"]
[WhiteTitle "CM"]
[BlackTitle "FM"]
[WhiteElo "2121"]
[BlackElo "2208"]
[WhiteFideId "1265725"]
[BlackFideId "16243536"]
[EventDate "2025.08.26"]

1. d4 Nc6 2. c4 Nf6 3. Nc3 e6 4. Nf3 d5 5. e3 Bd6 6. Qb3 a6 7. Bd2 Be7 8. Bd3
O-O 9. a3 Na5 10. Qc2 Nxc4 11. Bxc4 dxc4 12. e4 b5 13. Bg5 Bb7 14. O-O h6 15.
Bh4 Rc8 16. Rad1 Nd7 17. Bxe7 Qxe7 18. Qe2 c5 19. d5 exd5 20. Nxd5 Bxd5 21. Rxd5
Rfe8 22. Rfd1 Nf6 23. Re5 Qc7 24. Rxe8+ Rxe8 25. e5 Nd7 26. Re1 Qc6 27. h3 a5
28. a4 bxa4 29. Qxc4 Qe6 30. Qxa4 Qd5 31. Qxa5 Nxe5 32. Nxe5 Rxe5 33. Rxe5 Qxe5
34. Qd8+ Kh7 35. Qd2 g6 36. g3 Kg7 37. h4 h5 38. Kg2 Kf6 39. Kf3 Ke6 40. Qc2
Qd5+ 41. Qe4+ Kd6 42. Ke3 Qb3+ 43. Qd3+ Qd5 44. f3 Kc6 45. Qxd5+ Kxd5 46. g4 Ke5
47. b3 f6 48. f4+ Kd5 49. f5 hxg4 50. fxg6 Ke6 51. g7 Kf7 52. Kf4 f5 53. h5 Kxg7 0-1

[Event "Titled Tue 26th Aug Early"]
[Site "chess.com INT"]
[Date "2025.08.26"]
[Round "3"]
[White "Fernandes, Rogerio Paulo Muller"]
[Black "Osetrov, Dmitrij"]
[Result "0-1"]
[BlackTitle "CM"]
[WhiteElo "2241"]
[BlackElo "2202"]
[WhiteFideId "2101599"]
[BlackFideId "44139713"]
[EventDate "2025.08.26"]

1. c4 Nf6 2. g3 g6 3. Bg2 Bg7 4. Nf3 O-O 5. O-O c6 6. Nc3 d5 7. d4 dxc4 8. Ne5
Ng4 9. Bf4 Nxe5 10. Bxe5 Bxe5 11. dxe5 Be6 12. Ne4 Nd7 13. Ng5 Nxe5 14. Nxe6
fxe6 15. Qc2 Qd4 16. Rad1 Qc5 17. e3 Rad8 18. h3 Nf7 19. Rc1 b5 20. b3 Ne5 21.
Kh2 Rd6 22. f4 Nd3 23. Rcd1 Qxe3 24. bxc4 b4 25. Rf3 Ne1 26. Rxe3 Nxc2 27. Rxd6
exd6 28. Rxe6 Rd8 29. Bxc6 Nd4 30. Bd5 Nxe6 31. Bxe6+ Kg7 32. Kg2 a5 33. Kf3 a4
34. Ke3 b3 35. axb3 a3 36. c5 a2 37. c6 a1=Q 38. c7 Qa7+ 39. Kf3 Qxc7 40. Kg4
Qc3 41. Bd5 h5+ 42. Kh4 Qf6# 0-1

[Event "Titled Tue 26th Aug Early"]
[Site "chess.com INT"]
[Date "2025.08.26"]
[Round "3"]
[White "Jin, Ashton"]
[Black "Myagmarsuren, Evsuld"]
[Result "0-1"]
[BlackTitle "FM"]
[WhiteElo "2196"]
[BlackElo "2247"]
[WhiteFideId "30931908"]
[BlackFideId "1551639"]
[EventDate "2025.08.26"]

1. d4 d5 2. Bf4 Nf6 3. e3 c5 4. Nf3 Nc6 5. Nbd2 e6 6. c3 Bd6 7. Bg3 O-O 8. Bd3
b6 9. e4 dxe4 10. Nxe4 Be7 11. Nxf6+ Bxf6 12. Be4 Bb7 13. dxc5 bxc5 14. O-O Qb6
15. Qa4 Rfd8 16. h4 h6 17. Rfd1 Ne7 18. Bxb7 Qxb7 19. Qb3 Qe4 20. Re1 Qg4 21.
Qb7 Nf5 22. Be5 Nxh4 23. Nxh4 Bxh4 24. Rad1 Rxd1 25. Qxa8+ Kh7 26. Rxd1 Qxd1+
27. Kh2 Bxf2 28. Qe4+ f5 29. Qf3 Qg1+ 30. Kh3 Qh1+ 31. Bh2 Bg1 32. Qg3 g5 33.
Qc7+ Kg6 34. g4 Qf3+ 35. Bg3 fxg4# 0-1

[Event "Titled Tue 26th Aug Early"]
[Site "chess.com INT"]
[Date "2025.08.26"]
[Round "3"]
[White "Sindarov, Javokhir"]
[Black "Mullodzhanov, Nathaniel"]
[Result "1-0"]
[WhiteTitle "GM"]
[WhiteElo "2722"]
[BlackElo "2120"]
[WhiteFideId "14205483"]
[BlackFideId "30961580"]
[EventDate "2025.08.26"]

1. e4 c5 2. Nf3 d6 3. d4 cxd4 4. Nxd4 Nf6 5. Bd3 a6 6. c4 Nc6 7. Nc2 g6 8. Nc3
Bg7 9. O-O O-O 10. h3 Nd7 11. Re1 Nd4 12. Be3 Nxc2 13. Qxc2 Ne5 14. Nd5 Be6 15.
Bf1 Rc8 16. Qb3 Bxd5 17. cxd5 b5 18. Rac1 Qa5 19. Red1 Nd7 20. a3 Nc5 21. Qc2
Qd8 22. b3 Qd7 23. Qb1 a5 24. Rc2 b4 25. axb4 axb4 26. Rc4 Bc3 27. Be2 Ra8 28.
Qc2 h5 29. Bxc5 dxc5 30. Rxc5 Qd6 31. Rc6 Qf4 32. Bc4 Be5 33. g3 Qg5 34. h4 Qg4
35. Be2 Qh3 36. Bf1 Qg4 37. Qe2 Qd7 38. Qe3 Ra2 39. Qg5 Bc3 40. Bc4 Rc8 41.
Rxc8+ Qxc8 42. d6 exd6 43. Qxg6+ Kh8 44. Qxh5+ Kg7 45. Qxf7+ Kh6 46. Rxd6+ 1-0

[Event "Titled Tue 26th Aug Early"]
[Site "chess.com INT"]
[Date "2025.08.26"]
[Round "3"]
[White "Ambartsumian, Tyhran"]
[Black "Niemann, Hans Moke"]
[Result "1-0"]
[WhiteTitle "CM"]
[BlackTitle "GM"]
[WhiteElo "2244"]
[BlackElo "2736"]
[WhiteFideId "34161112"]
[BlackFideId "2093596"]
[EventDate "2025.08.26"]

1. e4 c5 2. Nf3 Nc6 3. Bb5 g6 4. O-O Bg7 5. c3 e5 6. d4 cxd4 7. cxd4 exd4 8. Bf4
a6 9. Bc4 Nge7 10. Bd6 b5 11. Bd5 O-O 12. Nbd2 Bb7 13. Re1 h6 14. Nb3 Re8 15.
Nc5 Qb6 16. Nxd7 Qd8 17. Bxf7+ Kxf7 18. Qb3+ Nd5 19. Qxd5+ Re6 20. Nc5 Qxd6 21.
Qxd6 Rxd6 22. Nxb7 Rd7 23. Nc5 Rc7 24. Nd3 Rac8 25. g3 g5 26. h3 Nd8 27. Re2 Ne6
28. Rd1 Ke7 29. Kg2 a5 30. Nfe1 Rf8 31. Rdd2 Rc4 32. Nc2 b4 33. Nce1 h5 34. Nf3
Rfc8 35. Nfe5 Bxe5 36. Nxe5 Rc1 37. Nf3 R1c2 38. Rxc2 1-0

[Event "Titled Tue 26th Aug Early"]
[Site "chess.com INT"]
[Date "2025.08.26"]
[Round "3"]
[White "Silva, Luca"]
[Black "Gabrielian, Artur"]
[Result "0-1"]
[WhiteTitle "FM"]
[BlackTitle "GM"]
[WhiteElo "2214"]
[BlackElo "2407"]
[WhiteFideId "147370"]
[BlackFideId "4131002"]
[EventDate "2025.08.26"]

1. e4 c5 2. Nf3 d6 3. d4 cxd4 4. Nxd4 Nf6 5. f3 e5 6. Nb3 d5 7. Bg5 d4 8. c3 Nc6
9. cxd4 exd4 10. Bb5 h6 11. Bh4 Bb4+ 12. N1d2 Qb6 13. Bxc6+ bxc6 14. O-O Ba6 15.
Re1 g5 16. Bf2 c5 17. a3 Bxd2 18. Nxd2 Nh5 19. b4 c4 20. Nxc4 Bxc4 21. Bxd4 Rd8
22. Bxb6 Rxd1 23. Rexd1 axb6 24. Rac1 b5 25. a4 Nf4 26. Ra1 bxa4 27. Rxa4 Ke7
28. Ra7+ Ke6 29. g3 Nd3 30. Rc7 Bb5 31. Rb7 Bc4 32. Rc7 Ne5 33. f4 gxf4 34. gxf4
Rg8+ 35. Kf2 Ng4+ 36. Ke1 Ne3 37. Rdd7 Rg2 38. Re7+ Kf6 39. e5+ Kf5 40. Rxc4
Nxc4 41. Rxf7+ Ke4 42. e6 Ne3 43. e7 Kf3 44. e8=Q Re2# 0-1